00609nam a2200109Ia 4500008004100000245003900041300024800080650001600328856006400344999001900408952007200427170517s9999 xx 000 0 und d aWhen a Mother's Love is Not Enough aRosa Monckton is the mother of a teenage daughter with Down syndrome. Her emotionally involving documentary When a Mother's Love is Not Enough isn't just about the struggles and triumphs of her experience, but the plights facing all parents... xTechnology. uhttp://topdocumentaryfilms.com/when-mother-love-not-enough/ c335144d335144 001040aCLbCLd2017-05-17l0r2017-05-17 00:00:00w2017-05-17yDF